| 000 | 00000nam##2200000za#4500 |
| 001 | 9.698346 |
| 003 | CaOODSP |
| 005 | 20210624235903 |
| 007 | cr ||||||||||| |
| 008 | 150407|2002||||xxc|||||o f|0| 0 eng|d |
| 040 | |aCaOODSP|beng |
| 043 | |an-cn--- |
| 086 | 1 |aT52-105/2002E-PDF |
| 110 | 1 |aCanada. |bTransport Canada. |
| 245 | 10|aAirline restructuring in Canada : |h[electronic resource]|bthird interim report / |cprepared by Debra Ward, Independent Transition Observer on Airline Restructuring. |
| 260 | |aOttawa - Ontario : |bTransport Canada |cApril 2002. |
| 300 | |a85p. |
| 504 | |aBibliography. |
| 590 | |a13-19-Supp|b2013-08-14 |
| 690 | 07|aAirlines|2gcpds |
| 690 | 07|aProgress reports|2gcpds |
| 690 | 07|aRestructuring|2gcpds |
| 775 | 08|tLa restructuration de l'industrie canadienne du transport aérien : |w(CaOODSP)9.642359 |
| 776 | 0#|tAirline restructuring in Canada : |w(CaOODSP)9.663883 |
| 776 | 0#|tLa restructuration de l'industrie canadienne du transport aérien : |w(CaOODSP)9.663884 |
| 856 | 40|ahttp://publications.gc.ca|qPDF|s423 KB|uhttps://publications.gc.ca/collections/Collection/T52-105-2002E.pdf |